Sports Quiz

Random Sports or NFL Quiz
Score 0/49 Timer 05:00
0 Plays Today
Position & Team Answer % Correct
DE Houston TexansJ.J. Watt
97.8%
DE Houston TexansJ.J. Watt
97.8%
DE Houston TexansJ.J. Watt
97.8%
LB New York GiantsLawrence Taylor
94.5%
LB New York GiantsLawrence Taylor
94.5%
LB New York GiantsLawrence Taylor
94.5%
LB Baltimore RavensRay Lewis
94.5%
LB Baltimore RavensRay Lewis
94.5%
DE Miami DolphinsJason Taylor
94.5%
LB Oakland RaidersKhalil Mack
94.5%
DT Los Angeles RamsAaron Donald
94.5%
DT Los Angeles RamsAaron Donald
94.5%
LB Carolina PanthersLuke Kuechly
92.3%
LB Baltimore RavensTerrell Suggs
91.2%
CB New England PatriotsStephon Gilmore
91.2%
DE Philadelphia EaglesReggie White
90.1%
DE Green Bay PackersReggie White
90.1%
S Baltimore RavensEd Reed
90.1%
S Pittsburgh SteelersTroy Polamalu
86.8%
DE New York GiantsMichael Strahan
85.7%
DE Buffalo BillsBruce Smith
84.6%
DE Buffalo BillsBruce Smith
84.6%
DT Tampa Bay BuccaneersWarren Sapp
83.5%
LB Tampa Bay BuccaneersDerrick Brooks
83.5%
LB Chicago BearsBrian Urlacher
83.5%
Position & Team Answer % Correct
CB Pittsburgh SteelersRod Woodson
82.4%
CB Green Bay PackersCharles Woodson
82.4%
LB Pittsburgh SteelersJames Harrison
81.3%
CB San Francisco 49ersDeion Sanders
80.2%
S Indianapolis ColtsBob Sanders
80.2%
DT Pittsburgh SteelersJoe Greene
76.9%
DT Pittsburgh SteelersJoe Greene
76.9%
LB Chicago BearsMike Singletary
68.1%
LB Chicago BearsMike Singletary
68.1%
DT Minnesota VikingsAlan Page
62.6%
LB Pittsburgh SteelersJack Lambert
50.5%
CB Pittsburgh SteelersMel Blount
48.4%
DT Seattle SeahawksCortez Kennedy
36.3%
DE Tampa Bay BuccaneersLee Roy Selmon
27.5%
DT San Francisco 49ersDana Stubblefield
24.2%
CB Oakland RaidersLester Hayes
23.1%
S Seattle SeahawksKenny Easley
22%
LB Buffalo BillsBryce Paup
19.8%
LB New Orleans SaintsPat Swilling
18.7%
DE Dallas CowboysHarvey Martin
16.5%
DT Minnesota VikingsKeith Millard
13.2%
LB Denver BroncosRandy Gradishar
12.1%
S Miami DolphinsDick Anderson
9.9%
DE Miami DolphinsDoug Betters
5.5%
Come Together.
Have Fun.
All Virtual.
We all need to come together. Play Sporcle's virtual live trivia to have fun, connect with people, and get your trivia on. Join a live hosted trivia game for your favorite pub trivia experience done virtually. If a virtual private party is more your thing, go here for details.

You're not logged in!

Compare scores with friends on all Sporcle quizzes.
OR
Log In

Sporcle TV

Today on Sporcle TV


Watch our educational content, quiz creation guides, and fun videos on Sporcle TV.

Show Comments

Extras

Created Feb 19, 2020ReportNominate
Tags:NFL Quiz, DPOY, position, POY, team

Top Quizzes Today


Score Distribution

Paid Content

Your Account Isn't Verified!

In order to create a playlist on Sporcle, you need to verify the email address you used during registration. Go to your Sporcle Settings to finish the process.

Report this User

Report this user for behavior that violates our Community Guidelines.

Details: